[Event "Greek Team Championship"]
[Site "chess24.com"]
[Date "2017.07.07"]
[Round "6"]
[White "Nikolaou, Spiridon"]
[Black "Moshovakis, Aggelos"]
[Result "1/2-1/2"]
[Board "8"]
[WhiteElo "2231"]
[WhiteCountry "GRE"]
[WhiteFideId "4264398"]
[WhiteEloChange "-4"]
[BlackElo "2092"]
[BlackCountry "GRE"]
[BlackFideId "4297350"]
[BlackEloChange "4"]

1. c4 {[%clk 1:30:57]} e5 {[%clk 1:30:48]} 2. Nc3 {[%clk 1:31:20]} Nc6 {[%clk
1:31:03]} 3. g3 {[%clk 1:31:10]} g6 {[%clk 1:31:26]} 4. Bg2 {[%clk 1:31:34]} Bg7
{[%clk 1:31:51]} 5. d3 {[%clk 1:31:54]} d6 {[%clk 1:32:06]} 6. Rb1 {[%clk
1:32:05]} a5 {[%clk 1:31:12]} 7. Nf3 {[%clk 1:32:28]} Nf6 {[%clk 1:30:24]} 8. O-O
{[%clk 1:32:46]} O-O {[%clk 1:30:41]} 9. a3 {[%clk 1:32:49]} h6 {[%clk 1:24:48]}
10. b4 {[%clk 1:33:10]} axb4 {[%clk 1:25:13]} 11. axb4 {[%clk 1:33:35]} Be6
{[%clk 1:25:00]} 12. Bd2 {[%clk 1:25:23]} Re8 {[%clk 1:14:06]} 13. Qc1 {[%clk
1:25:03]} Kh7 {[%clk 1:13:46]} 14. e4 {[%clk 1:23:48]} Qd7 {[%clk 1:13:20]} 15.
Nd5 {[%clk 1:23:18]} Qd8 {[%clk 0:54:35]} 16. b5 {[%clk 1:21:54]} Nb8 {[%clk
0:54:05]} 17. b6 {[%clk 1:13:25]} cxb6 {[%clk 0:50:51]} 18. Nxb6 {[%clk 1:13:48]}
Ra6 {[%clk 0:50:29]} 19. Qb2 {[%clk 1:07:49]} Re7 {[%clk 0:45:07]} 20. Rfc1
{[%clk 0:51:22]} Rc7 {[%clk 0:44:13]} 21. Ra1 {[%clk 0:48:04]} Rc6 {[%clk
0:42:24]} 22. Rxa6 {[%clk 0:43:52]} Nxa6 {[%clk 0:42:14]} 23. Rb1 {[%clk
0:43:56]} Nd7 {[%clk 0:38:21]} 24. Be3 {[%clk 0:35:20]} Nxb6 {[%clk 0:28:55]} 25.
Bxb6 {[%clk 0:35:46]} Qe8 {[%clk 0:27:49]} 26. Nd2 {[%clk 0:33:04]} Bc8 {[%clk
0:27:31]} 27. Be3 {[%clk 0:22:27]} Rc7 {[%clk 0:21:28]} 28. Qa3 {[%clk 0:17:54]}
Nc5 {[%clk 0:18:52]} 29. f4 {[%clk 0:14:48]} Bf8 {[%clk 0:17:48]} 30. Rb5 {[%clk
0:08:00]} Qc6 {[%clk 0:14:16]} 31. Nf3 {[%clk 0:05:43]} f6 {[%clk 0:13:18]} 32.
Kf2 {[%clk 0:03:28]} Qa6 {[%clk 0:12:37]} 33. Bxc5 {[%clk 0:02:17]} dxc5 {[%clk
0:12:51]} 34. Qxa6 {[%clk 0:01:03]} bxa6 {[%clk 0:13:19]} 35. Rb6 {[%clk
0:01:21]} Bg7 {[%clk 0:13:02]} 36. fxe5 {[%clk 0:01:40]} fxe5 {[%clk 0:13:27]}
37. Ne1 {[%clk 0:00:56]} Rf7+ {[%clk 0:13:13]} 38. Ke2 {[%clk 0:01:03]} Rf6
{[%clk 0:13:21]} 39. Rxf6 {[%clk 0:00:47]} Bxf6 {[%clk 0:13:49]} 40. Kd2 {[%clk
0:30:58]} Kg7 {[%clk 0:43:43]} 41. Nf3 {[%clk 0:25:40]} Bd7 {[%clk 0:40:24]} 42.
Kc3 {[%clk 0:25:47]} Kf7 {[%clk 0:40:29]} 43. Kb3 {[%clk 0:25:30]} Ke7 {[%clk
0:39:57]} 44. Nd2 {[%clk 0:24:56]} Kd6 {[%clk 0:39:22]} 45. Nb1 {[%clk 0:24:46]}
Bg5 {[%clk 0:37:53]} 46. Nc3 {[%clk 0:23:13]} Be3 {[%clk 0:37:53]} 47. h3 {[%clk
0:17:13]} h5 {[%clk 0:34:22]} 48. Ka3 {[%clk 0:13:20]} Bd2 {[%clk 0:33:38]} 49.
Kb3 {[%clk 0:12:37]} Be1 {[%clk 0:33:35]} 50. Ne2 {[%clk 0:11:46]} a5 {[%clk
0:33:56]} 51. Ka3 {[%clk 0:11:03]} Kc7 {[%clk 0:33:17]} 52. Bf1 {[%clk 0:10:35]}
Kb6 {[%clk 0:33:39]} 53. Bg2 {[%clk 0:10:54]} Bb4+ {[%clk 0:33:43]} 54. Kb3
{[%clk 0:11:12]} a4+ {[%clk 0:34:04]} 55. Ka2 {[%clk 0:11:37]} a3 {[%clk
0:32:53]} 56. Ng1 {[%clk 0:11:19]} Kc7 {[%clk 0:32:06]} 57. Nf3 {[%clk 0:11:15]}
Kd6 {[%clk 0:32:30]} 58. Bf1 {[%clk 0:11:02]} Ba4 {[%clk 0:31:54]} 59. Be2 {[%clk
0:11:24]} Bd7 {[%clk 0:30:47]} 60. Bf1 {[%clk 0:11:33]} 1/2-1/2

[Event "Greek Team Championship"]
[Site "chess24.com"]
[Date "2017.07.07"]
[Round "6"]
[White "Marinakis, Hristos"]
[Black "Michaelides, Konstantinos"]
[Result "0-1"]
[Board "9"]
[WhiteElo "1842"]
[WhiteCountry "GRE"]
[WhiteFideId "4294661"]
[WhiteEloChange "-5"]
[BlackElo "2046"]
[BlackTitle "CM"]
[BlackCountry "CYP"]
[BlackFideId "5901871"]
[BlackEloChange "5"]

1. Nf3 {[%clk 1:30:56]} Nf6 {[%clk 1:30:54]} 2. g3 {[%clk 1:31:19]} e6 {[%clk
1:31:10]} 3. c4 {[%clk 1:31:12]} Be7 {[%clk 1:31:28]} 4. Bg2 {[%clk 1:31:31]} O-O
{[%clk 1:31:50]} 5. O-O {[%clk 1:31:51]} d5 {[%clk 1:32:16]} 6. d4 {[%clk
1:32:00]} dxc4 {[%clk 1:32:40]} 7. Qc2 {[%clk 1:32:23]} a6 {[%clk 1:33:06]} 8. a4
{[%clk 1:32:45]} Bd7 {[%clk 1:33:27]} 9. Qxc4 {[%clk 1:31:58]} Bc6 {[%clk
1:33:52]} 10. Nbd2 {[%clk 1:31:08]} a5 {[%clk 1:27:58]} 11. Qd3 {[%clk 1:24:22]}
Na6 {[%clk 1:23:45]} 12. b3 {[%clk 1:20:31]} Nb4 {[%clk 1:09:39]} 13. Qb1 {[%clk
1:20:44]} b6 {[%clk 1:05:48]} 14. Bb2 {[%clk 1:11:04]} Bb7 {[%clk 1:00:00]} 15.
Rd1 {[%clk 1:04:33]} Ra7 {[%clk 0:48:42]} 16. e4 {[%clk 0:57:28]} Qa8 {[%clk
0:48:16]} 17. Ne5 {[%clk 0:50:52]} Rd8 {[%clk 0:45:16]} 18. Nec4 {[%clk 0:46:18]}
Ne8 {[%clk 0:32:40]} 19. h4 {[%clk 0:32:28]} Nd6 {[%clk 0:22:46]} 20. Re1 {[%clk
0:21:43]} Nxc4 {[%clk 0:20:18]} 21. bxc4 {[%clk 0:21:51]} e5 {[%clk 0:15:19]} 22.
d5 {[%clk 0:20:31]} f6 {[%clk 0:13:32]} 23. Nf1 {[%clk 0:17:50]} Ba6 {[%clk
0:11:37]} 24. Ne3 {[%clk 0:17:31]} Bc5 {[%clk 0:11:33]} 25. Bf1 {[%clk 0:16:31]}
Bd4 {[%clk 0:08:06]} 26. Nf5 {[%clk 0:08:22]} Bxb2 {[%clk 0:08:16]} 27. Qxb2
{[%clk 0:08:45]} Bc8 {[%clk 0:05:41]} 28. Ne3 {[%clk 0:06:00]} Na6 {[%clk
0:04:42]} 29. Bd3 {[%clk 0:04:57]} Nc5 {[%clk 0:04:31]} 30. Bc2 {[%clk 0:05:21]}
Bd7 {[%clk 0:04:47]} 31. Re2 {[%clk 0:04:04]} Qc8 {[%clk 0:04:39]} 32. f3 {[%clk
0:04:08]} Rf8 {[%clk 0:04:01]} 33. g4 {[%clk 0:01:41]} Qe8 {[%clk 0:04:21]} 34.
Kh2 {[%clk 0:01:07]} Bxa4 {[%clk 0:03:57]} 35. d6 {[%clk 0:01:09]} Bxc2 {[%clk
0:03:49]} 36. Rxc2 {[%clk 0:01:13]} cxd6 {[%clk 0:03:58]} 37. Qxb6 {[%clk
0:01:04]} Qb8 {[%clk 0:04:21]} 38. Qc6 {[%clk 0:01:18]} a4 {[%clk 0:03:20]} 39.
Nf5 {[%clk 0:01:06]} Ra6 {[%clk 0:02:04]} 40. Qd5+ {[%clk 0:31:02]} Kh8 {[%clk
0:32:24]} 41. Kg3 {[%clk 0:28:34]} g6 {[%clk 0:24:04]} 42. Ne7 {[%clk 0:24:57]}
Qc7 {[%clk 0:23:18]} 0-1

[Event "Greek Team Championship"]
[Site "chess24.com"]
[Date "2017.07.07"]
[Round "6"]
[White "Vlachos, Georgios 46448"]
[Black "Pantelakis, Lefteris"]
[Result "0-1"]
[Board "10"]
[WhiteElo "1363"]
[WhiteCountry "GRE"]
[WhiteFideId "25851128"]
[WhiteEloChange "-14"]
[BlackElo "1206"]
[BlackCountry "GRE"]
[BlackFideId "25800043"]
[BlackEloChange "14"]

1. e4 {[%clk 1:30:41]} d6 {[%clk 1:30:30]} 2. d4 {[%clk 1:30:53]} g6 {[%clk
1:31:17]} 3. Nc3 {[%clk 1:30:54]} Bg7 {[%clk 1:31:30]} 4. Be3 {[%clk 1:31:01]}
Nf6 {[%clk 1:31:48]} 5. f3 {[%clk 1:31:03]} c6 {[%clk 1:32:08]} 6. Qd2 {[%clk
1:30:47]} b5 {[%clk 1:32:29]} 7. g4 {[%clk 1:23:08]} O-O {[%clk 1:30:51]} 8. Bh6
{[%clk 1:19:18]} Nbd7 {[%clk 1:26:50]} 9. Bxg7 {[%clk 1:18:18]} Kxg7 {[%clk
1:27:05]} 10. h4 {[%clk 1:18:31]} b4 {[%clk 1:27:05]} 11. Nce2 {[%clk 1:17:46]}
c5 {[%clk 1:16:31]} 12. h5 {[%clk 1:12:36]} Rh8 {[%clk 0:59:26]} 13. e5 {[%clk
0:36:43]} Nd5 {[%clk 0:56:44]} 14. f4 {[%clk 0:30:37]} Bb7 {[%clk 0:51:19]} 15.
Rh2 {[%clk 0:29:01]} dxe5 {[%clk 0:51:19]} 16. fxe5 {[%clk 0:24:09]} Rc8 {[%clk
0:35:21]} 17. Ng3 {[%clk 0:19:06]} cxd4 {[%clk 0:27:24]} 18. Qxd4 {[%clk
0:19:21]} Qb6 {[%clk 0:27:44]} 19. h6+ {[%clk 0:11:23]} Kf8 {[%clk 0:27:42]} 20.
Qxb6 {[%clk 0:10:33]} N7xb6 {[%clk 0:26:14]} 21. Bd3 {[%clk 0:08:47]} Ne3 {[%clk
0:25:02]} 22. g5 {[%clk 0:08:27]} Nbc4 {[%clk 0:17:53]} 23. e6 {[%clk 0:06:37]}
Nxb2 {[%clk 0:09:10]} 24. Kd2 {[%clk 0:04:43]} Nxd3 {[%clk 0:06:44]} 25. Kxe3
{[%clk 0:04:29]} Ne5 {[%clk 0:06:47]} 26. Kf4 {[%clk 0:04:25]} f6 {[%clk
0:05:30]} 27. Rd1 {[%clk 0:03:23]} fxg5+ {[%clk 0:03:38]} 28. Kxg5 {[%clk
0:01:45]} Ke8 {[%clk 0:04:02]} 29. Kf4 {[%clk 0:01:38]} Rf8+ {[%clk 0:04:00]} 30.
Kg5 {[%clk 0:01:08]} Rc5 {[%clk 0:02:31]} 31. Kh4 {[%clk 0:01:02]} Rc4+ {[%clk
0:01:33]} 32. Kh3 {[%clk 0:01:08]} g5 {[%clk 0:01:45]} 33. Rhd2 {[%clk 0:00:46]}
Rh4# {[%clk 0:02:03]} 0-1

[Event "Greek Team Championship"]
[Site "chess24.com"]
[Date "2017.07.07"]
[Round "6"]
[White "Nedev, Trajko"]
[Black "Istratescu, Andrei"]
[Result "1/2-1/2"]
[Board "1"]
[WhiteElo "2481"]
[WhiteTitle "GM"]
[WhiteCountry "MKD"]
[WhiteFideId "15000605"]
[WhiteEloChange "2"]
[BlackElo "2593"]
[BlackTitle "GM"]
[BlackCountry "ROU"]
[BlackFideId "1200372"]
[BlackEloChange "-2"]

1. e4 {[%clk 1:30:57]} e6 {[%clk 1:30:53]} 2. d4 {[%clk 1:30:55]} d5 {[%clk
1:31:21]} 3. Nd2 {[%clk 1:31:10]} c5 {[%clk 1:31:48]} 4. Ngf3 {[%clk 1:31:26]}
cxd4 {[%clk 1:32:08]} 5. exd5 {[%clk 1:30:54]} Qxd5 {[%clk 1:32:34]} 6. Bc4
{[%clk 1:31:13]} Qd7 {[%clk 1:32:53]} 7. O-O {[%clk 1:30:25]} Nc6 {[%clk
1:31:47]} 8. Nb3 {[%clk 1:29:27]} Nf6 {[%clk 1:31:39]} 9. Nbxd4 {[%clk 1:27:33]}
Nxd4 {[%clk 1:31:43]} 10. Nxd4 {[%clk 1:27:57]} a6 {[%clk 1:32:08]} 11. Re1
{[%clk 1:23:55]} Bc5 {[%clk 1:31:51]} 12. c3 {[%clk 1:19:20]} Bxd4 {[%clk
1:24:22]} 13. cxd4 {[%clk 1:17:28]} b5 {[%clk 1:23:12]} 14. Bb3 {[%clk 1:17:53]}
Bb7 {[%clk 1:22:29]} 15. Bg5 {[%clk 1:06:26]} Qc6 {[%clk 1:12:25]} 16. f3 {[%clk
1:03:00]} Nd5 {[%clk 1:12:08]} 17. Re4 {[%clk 0:48:35]} h6 {[%clk 1:01:31]} 18.
Bd2 {[%clk 0:47:47]} Qd7 {[%clk 0:59:48]} 19. Qe1 {[%clk 0:41:25]} Rc8 {[%clk
0:47:27]} 20. Qg3 {[%clk 0:34:50]} Kf8 {[%clk 0:25:54]} 21. Rg4 {[%clk 0:29:55]}
g5 {[%clk 0:20:11]} 22. Re1 {[%clk 0:22:11]} Rg8 {[%clk 0:15:19]} 23. Qe5 {[%clk
0:19:49]} Qc7 {[%clk 0:05:06]} 24. h4 {[%clk 0:19:38]} Qxe5 {[%clk 0:05:06]} 25.
dxe5 {[%clk 0:20:03]} Nb6 {[%clk 0:03:11]} 26. hxg5 {[%clk 0:17:03]} hxg5 {[%clk
0:03:34]} 27. Bxg5 {[%clk 0:16:37]} Ke8 {[%clk 0:03:48]} 28. Re2 {[%clk 0:13:53]}
Bd5 {[%clk 0:03:59]} 29. f4 {[%clk 0:09:57]} a5 {[%clk 0:02:01]} 30. Rh4 {[%clk
0:04:52]} b4 {[%clk 0:01:03]} 31. Rh3 {[%clk 0:01:45]} a4 {[%clk 0:00:53]} 32.
Bxd5 {[%clk 0:01:58]} Nxd5 {[%clk 0:01:22]} 33. a3 {[%clk 0:01:44]} Rc4 {[%clk
0:01:33]} 34. axb4 {[%clk 0:01:04]} 1/2-1/2

[Event "Greek Team Championship"]
[Site "chess24.com"]
[Date "2017.07.07"]
[Round "6"]
[White "Szabo, Gergely-Andras-Gyula"]
[Black "Giannoulakis, Lampros"]
[Result "1-0"]
[Board "2"]
[WhiteElo "2546"]
[WhiteTitle "GM"]
[WhiteCountry "ROU"]
[WhiteFideId "1205064"]
[WhiteEloChange "2"]
[BlackElo "2330"]
[BlackTitle "FM"]
[BlackCountry "GRE"]
[BlackFideId "4247019"]
[BlackEloChange "-4"]

1. d4 {[%clk 1:30:52]} Nf6 {[%clk 1:30:40]} 2. c4 {[%clk 1:31:16]} g6 {[%clk
1:31:01]} 3. Nc3 {[%clk 1:31:40]} Bg7 {[%clk 1:31:26]} 4. e4 {[%clk 1:32:04]} d6
{[%clk 1:31:52]} 5. Nf3 {[%clk 1:32:30]} O-O {[%clk 1:32:17]} 6. h3 {[%clk
1:32:57]} e5 {[%clk 1:31:46]} 7. d5 {[%clk 1:33:21]} Nh5 {[%clk 1:31:21]} 8. g3
{[%clk 1:33:39]} Na6 {[%clk 1:31:37]} 9. Be3 {[%clk 1:29:19]} f5 {[%clk 1:29:08]}
10. exf5 {[%clk 1:26:07]} gxf5 {[%clk 1:28:26]} 11. Nh4 {[%clk 1:25:35]} Nf4
{[%clk 1:22:51]} 12. Qd2 {[%clk 1:12:56]} Nc5 {[%clk 1:16:36]} 13. gxf4 {[%clk
1:06:27]} Qxh4 {[%clk 1:15:27]} 14. Rg1 {[%clk 1:06:11]} Kh8 {[%clk 1:10:29]} 15.
Rxg7 {[%clk 1:02:32]} Kxg7 {[%clk 1:03:05]} 16. fxe5 {[%clk 0:59:53]} Ne4 {[%clk
0:58:02]} 17. Qd4 {[%clk 0:51:29]} dxe5 {[%clk 0:47:50]} 18. Qxe5+ {[%clk
0:50:41]} Qf6 {[%clk 0:46:39]} 19. Qxc7+ {[%clk 0:49:45]} Rf7 {[%clk 0:46:08]}
20. Qf4 {[%clk 0:49:24]} Kg8 {[%clk 0:41:47]} 21. O-O-O {[%clk 0:44:22]} Bd7
{[%clk 0:35:22]} 22. Bd4 {[%clk 0:33:10]} Qg5 {[%clk 0:32:50]} 23. Qxg5+ {[%clk
0:31:06]} Nxg5 {[%clk 0:33:16]} 24. Bg2 {[%clk 0:30:45]} b6 {[%clk 0:17:57]} 25.
Rg1 {[%clk 0:23:28]} Kf8 {[%clk 0:17:51]} 26. c5 {[%clk 0:23:47]} bxc5 {[%clk
0:15:31]} 27. Bxc5+ {[%clk 0:24:11]} Ke8 {[%clk 0:14:57]} 28. h4 {[%clk 0:22:42]}
Rc8 {[%clk 0:14:41]} 29. b4 {[%clk 0:22:39]} Rg7 {[%clk 0:14:09]} 30. hxg5 {[%clk
0:19:48]} Rxg5 {[%clk 0:13:18]} 31. Re1+ {[%clk 0:18:00]} Kf7 {[%clk 0:05:48]}
32. Re7+ {[%clk 0:17:06]} Kg6 {[%clk 0:04:17]} 33. Bf3 {[%clk 0:16:46]} Rg1+
{[%clk 0:03:11]} 34. Kb2 {[%clk 0:16:36]} Be8 {[%clk 0:02:57]} 35. d6 {[%clk
0:16:41]} 1-0

[Event "Greek Team Championship"]
[Site "chess24.com"]
[Date "2017.07.07"]
[Round "6"]
[White "Lagopatis, Nikolaos"]
[Black "Tsekouras, Theodoros"]
[Result "0-1"]
[Board "3"]
[WhiteElo "2130"]
[WhiteTitle "CM"]
[WhiteCountry "GRE"]
[WhiteFideId "4200489"]
[WhiteEloChange "-7"]
[BlackElo "2225"]
[BlackCountry "GRE"]
[BlackFideId "4203402"]
[BlackEloChange "7"]

1. e4 {[%clk 1:30:36]} e5 {[%clk 1:30:51]} 2. Nf3 {[%clk 1:30:15]} Nc6 {[%clk
1:31:14]} 3. Be2 {[%clk 1:25:33]} Nf6 {[%clk 1:31:14]} 4. d3 {[%clk 1:25:43]} g6
{[%clk 1:31:26]} 5. O-O {[%clk 1:25:26]} Bg7 {[%clk 1:31:45]} 6. c3 {[%clk
1:25:21]} O-O {[%clk 1:31:17]} 7. b4 {[%clk 1:23:28]} d6 {[%clk 1:31:39]} 8. b5
{[%clk 1:21:59]} Ne7 {[%clk 1:31:05]} 9. a4 {[%clk 1:22:12]} Nh5 {[%clk 1:26:20]}
10. d4 {[%clk 1:16:52]} Nf4 {[%clk 1:12:35]} 11. Nbd2 {[%clk 0:58:47]} exd4
{[%clk 0:54:00]} 12. cxd4 {[%clk 0:57:57]} h6 {[%clk 0:49:09]} 13. Nb3 {[%clk
0:46:54]} Nxe2+ {[%clk 0:47:12]} 14. Qxe2 {[%clk 0:47:17]} Be6 {[%clk 0:45:01]}
15. Rb1 {[%clk 0:39:57]} f5 {[%clk 0:36:41]} 16. e5 {[%clk 0:38:31]} Bd5 {[%clk
0:36:45]} 17. Ba3 {[%clk 0:35:48]} g5 {[%clk 0:30:41]} 18. exd6 {[%clk 0:17:12]}
cxd6 {[%clk 0:30:59]} 19. Rfe1 {[%clk 0:16:17]} Ng6 {[%clk 0:30:51]} 20. g3
{[%clk 0:13:15]} Qd7 {[%clk 0:29:25]} 21. Nbd2 {[%clk 0:10:49]} Rf6 {[%clk
0:18:55]} 22. Nc4 {[%clk 0:06:43]} Re6 {[%clk 0:15:48]} 23. Qd3 {[%clk 0:06:35]}
Be4 {[%clk 0:15:44]} 24. Qb3 {[%clk 0:06:50]} d5 {[%clk 0:13:39]} 25. Ncd2 {[%clk
0:03:45]} Bxb1 {[%clk 0:13:45]} 26. Rxb1 {[%clk 0:02:48]} Rae8 {[%clk 0:13:29]}
27. Nf1 {[%clk 0:01:57]} f4 {[%clk 0:12:27]} 28. Qd3 {[%clk 0:01:54]} g4 {[%clk
0:09:49]} 29. N3d2 {[%clk 0:02:21]} Qf7 {[%clk 0:09:59]} 30. Bb4 {[%clk 0:02:16]}
fxg3 {[%clk 0:09:22]} 31. hxg3 {[%clk 0:02:32]} Re2 {[%clk 0:08:09]} 32. f4
{[%clk 0:01:45]} gxf3 {[%clk 0:08:08]} 33. Nxf3 {[%clk 0:01:57]} R8e3 {[%clk
0:06:31]} 34. Nxe3 {[%clk 0:01:17]} Qxf3 {[%clk 0:06:54]} 35. Qxg6 {[%clk
0:00:44]} Qf2+ {[%clk 0:07:12]} 36. Kh1 {[%clk 0:01:06]} Qh2# {[%clk 0:07:12]}
0-1

[Event "Greek Team Championship"]
[Site "chess24.com"]
[Date "2017.07.07"]
[Round "6"]
[White "Moutzouris, Iason"]
[Black "Hidzos, Georgios"]
[Result "0-1"]
[Board "4"]
[WhiteElo "1818"]
[WhiteCountry "GRE"]
[WhiteFideId "4219740"]
[WhiteEloChange "-8"]
[BlackElo "1873"]
[BlackCountry "GRE"]
[BlackFideId "4201647"]
[BlackEloChange "8"]

1. e4 {[%clk 1:30:57]} c5 {[%clk 1:30:51]} 2. Nf3 {[%clk 1:31:24]} e6 {[%clk
1:31:13]} 3. d4 {[%clk 1:31:51]} cxd4 {[%clk 1:31:37]} 4. Nxd4 {[%clk 1:32:18]}
Nc6 {[%clk 1:32:00]} 5. Nc3 {[%clk 1:32:45]} d6 {[%clk 1:32:12]} 6. Be2 {[%clk
1:33:05]} Nf6 {[%clk 1:32:35]} 7. O-O {[%clk 1:33:11]} Be7 {[%clk 1:32:35]} 8.
Be3 {[%clk 1:33:09]} O-O {[%clk 1:32:58]} 9. f4 {[%clk 1:33:29]} e5 {[%clk
1:33:18]} 10. Nb3 {[%clk 1:33:32]} exf4 {[%clk 1:33:30]} 11. Rxf4 {[%clk
1:33:35]} Be6 {[%clk 1:30:23]} 12. Nd5 {[%clk 1:20:04]} Bxd5 {[%clk 1:30:16]} 13.
exd5 {[%clk 1:20:26]} Ne5 {[%clk 1:30:41]} 14. Qd2 {[%clk 1:14:22]} Nfd7 {[%clk
1:20:19]} 15. Rb4 {[%clk 1:13:36]} b6 {[%clk 0:59:40]} 16. a4 {[%clk 1:07:21]} a5
{[%clk 0:50:19]} 17. Rb5 {[%clk 1:05:46]} Rc8 {[%clk 0:50:28]} 18. Nd4 {[%clk
0:59:08]} Nc5 {[%clk 0:38:41]} 19. Nf5 {[%clk 0:50:49]} Bf6 {[%clk 0:36:29]} 20.
Ng3 {[%clk 0:47:50]} g6 {[%clk 0:36:31]} 21. Bd4 {[%clk 0:45:57]} Bg7 {[%clk
0:36:04]} 22. c3 {[%clk 0:33:35]} f5 {[%clk 0:33:58]} 23. Rf1 {[%clk 0:31:54]} h5
{[%clk 0:29:42]} 24. Bxc5 {[%clk 0:29:37]} dxc5 {[%clk 0:23:49]} 25. b4 {[%clk
0:24:01]} axb4 {[%clk 0:14:55]} 26. cxb4 {[%clk 0:24:30]} c4 {[%clk 0:14:57]} 27.
a5 {[%clk 0:18:41]} c3 {[%clk 0:13:48]} 28. Qc2 {[%clk 0:18:59]} bxa5 {[%clk
0:11:07]} 29. bxa5 {[%clk 0:19:27]} Qg5 {[%clk 0:11:09]} 30. Bf3 {[%clk 0:08:49]}
h4 {[%clk 0:08:00]} 31. Ne2 {[%clk 0:09:10]} h3 {[%clk 0:07:51]} 32. Nc1 {[%clk
0:06:07]} Nxf3+ {[%clk 0:05:29]} 33. Rxf3 {[%clk 0:06:27]} Qd2 {[%clk 0:05:37]}
34. Qxd2 {[%clk 0:06:27]} cxd2 {[%clk 0:05:37]} 0-1

[Event "Greek Team Championship"]
[Site "chess24.com"]
[Date "2017.07.07"]
[Round "6"]
[White "Ivanova, Simoneta"]
[Black "Makropoulou, Marina"]
[Result "1-0"]
[Board "5"]
[WhiteElo "2158"]
[WhiteTitle "WFM"]
[WhiteCountry "BUL"]
[WhiteFideId "2900548"]
[WhiteEloChange "9"]
[BlackElo "2136"]
[BlackTitle "WGM"]
[BlackCountry "GRE"]
[BlackFideId "4200187"]
[BlackEloChange "-9"]

1. d4 {[%clk 1:30:52]} Nf6 {[%clk 1:30:49]} 2. c4 {[%clk 1:31:06]} e6 {[%clk
1:31:07]} 3. Nc3 {[%clk 1:31:12]} Bb4 {[%clk 1:30:58]} 4. Qc2 {[%clk 1:31:01]}
O-O {[%clk 1:28:02]} 5. Bg5 {[%clk 1:28:07]} d5 {[%clk 1:20:47]} 6. cxd5 {[%clk
1:28:10]} exd5 {[%clk 1:20:07]} 7. Nf3 {[%clk 1:28:07]} Nbd7 {[%clk 0:58:09]} 8.
e3 {[%clk 1:27:51]} c5 {[%clk 0:57:02]} 9. Bd3 {[%clk 1:22:05]} Qa5 {[%clk
0:56:43]} 10. O-O {[%clk 1:21:43]} c4 {[%clk 0:56:26]} 11. Be2 {[%clk 1:21:52]}
Re8 {[%clk 0:54:35]} 12. Nd2 {[%clk 1:15:02]} b5 {[%clk 0:44:30]} 13. Bf3 {[%clk
1:10:01]} Bb7 {[%clk 0:36:09]} 14. a4 {[%clk 1:05:14]} Bxc3 {[%clk 0:34:35]} 15.
bxc3 {[%clk 1:05:31]} Ne4 {[%clk 0:28:01]} 16. Bxe4 {[%clk 1:03:07]} dxe4 {[%clk
0:28:25]} 17. Rfb1 {[%clk 0:52:51]} b4 {[%clk 0:17:39]} 18. Rxb4 {[%clk 0:53:01]}
Qxg5 {[%clk 0:17:48]} 19. Rxb7 {[%clk 0:53:20]} Nf6 {[%clk 0:17:29]} 20. Nxc4
{[%clk 0:48:15]} Qd5 {[%clk 0:05:00]} 21. Qb3 {[%clk 0:47:46]} Rec8 {[%clk
0:01:52]} 22. Nd6 {[%clk 0:41:21]} Qxb3 {[%clk 0:02:01]} 23. Rxb3 {[%clk
0:41:48]} Rc6 {[%clk 0:00:45]} 24. Nb7 {[%clk 0:39:28]} h5 {[%clk 0:00:43]} 25.
Nc5 {[%clk 0:38:01]} Re8 {[%clk 0:00:34]} 26. c4 {[%clk 0:31:41]} g6 {[%clk
0:00:36]} 27. Rb7 {[%clk 0:30:35]} Rb6 {[%clk 0:00:47]} 28. Rb1 {[%clk 0:24:23]}
Rxb1+ {[%clk 0:00:51]} 29. Rxb1 {[%clk 0:24:51]} Rc8 {[%clk 0:00:34]} 30. Rb7
{[%clk 0:24:42]} Ra8 {[%clk 0:00:33]} 31. a5 {[%clk 0:23:40]} Ne8 {[%clk
0:00:34]} 32. Nxe4 {[%clk 0:23:14]} f5 {[%clk 0:00:40]} 33. Nd2 {[%clk 0:22:27]}
Nd6 {[%clk 0:00:40]} 34. Rd7 {[%clk 0:22:23]} Nf7 {[%clk 0:00:40]} 35. a6 {[%clk
0:22:09]} Kf8 {[%clk 0:01:02]} 36. c5 {[%clk 0:19:51]} Ke8 {[%clk 0:01:03]} 37.
Rb7 {[%clk 0:14:53]} Nd8 {[%clk 0:01:21]} 38. Rg7 {[%clk 0:14:54]} Rb8 {[%clk
0:01:35]} 39. Rxa7 {[%clk 0:12:55]} Rb2 {[%clk 0:01:51]} 40. Nf1 {[%clk 0:43:18]}
Ra2 {[%clk 0:31:25]} 41. d5 {[%clk 0:39:30]} 1-0

[Event "Greek Team Championship"]
[Site "chess24.com"]
[Date "2017.07.07"]
[Round "6"]
[White "Fragou, Maria V."]
[Black "Mastrakouli, Evagelia"]
[Result "1/2-1/2"]
[Board "6"]
[WhiteElo "1395"]
[WhiteCountry "GRE"]
[WhiteFideId "4277988"]
[WhiteEloChange "8"]
[BlackElo "1783"]
[BlackCountry "GRE"]
[BlackFideId "4229347"]
[BlackEloChange "-8"]

1. e4 {[%clk 1:30:57]} c5 {[%clk 1:30:30]} 2. Nf3 {[%clk 1:30:57]} e6 {[%clk
1:31:07]} 3. b3 {[%clk 1:31:42]} d5 {[%clk 1:30:58]} 4. Bb5+ {[%clk 1:31:28]} Nc6
{[%clk 1:29:59]} 5. exd5 {[%clk 1:30:12]} exd5 {[%clk 1:28:43]} 6. O-O {[%clk
1:29:27]} Bd6 {[%clk 1:26:00]} 7. Bb2 {[%clk 1:26:21]} Nf6 {[%clk 1:00:26]} 8.
Re1+ {[%clk 1:26:10]} Be7 {[%clk 1:00:00]} 9. Qe2 {[%clk 1:24:13]} Bg4 {[%clk
0:55:46]} 10. Nc3 {[%clk 1:14:09]} Rc8 {[%clk 0:50:09]} 11. Qd3 {[%clk 1:07:56]}
O-O {[%clk 0:47:16]} 12. Bxc6 {[%clk 1:07:42]} bxc6 {[%clk 0:47:10]} 13. Ne5
{[%clk 1:04:04]} Bd6 {[%clk 0:41:19]} 14. Ne2 {[%clk 1:01:20]} Re8 {[%clk
0:38:42]} 15. Ng3 {[%clk 0:59:28]} d4 {[%clk 0:35:31]} 16. Nxg4 {[%clk 0:52:25]}
Rxe1+ {[%clk 0:34:55]} 17. Rxe1 {[%clk 0:52:25]} Nxg4 {[%clk 0:34:55]} 18. h3
{[%clk 0:52:25]} Ne5 {[%clk 0:34:55]} 19. Qe2 {[%clk 0:52:25]} Bb8 {[%clk
0:34:55]} 20. a3 {[%clk 0:52:25]} a5 {[%clk 0:34:55]} 21. a4 {[%clk 0:52:25]} Qf8
{[%clk 0:34:55]} 22. Ba3 {[%clk 0:52:25]} f5 {[%clk 0:34:55]} 23. f4 {[%clk
0:52:25]} Ng6 {[%clk 0:34:55]} 24. Qe6+ {[%clk 0:52:25]} Kh8 {[%clk 0:34:55]} 25.
Bxc5 {[%clk 0:52:25]} Nxf4 {[%clk 0:34:55]} 26. Qxf5 {[%clk 0:52:25]} Qxf5 {[%clk
0:34:55]} 27. Nxf5 {[%clk 0:52:25]} d3 {[%clk 0:34:55]} 28. c3 {[%clk 0:52:25]}
Ne2+ {[%clk 0:34:55]} 29. Kh1 {[%clk 0:52:25]} Re8 {[%clk 0:34:55]} 30. Rd1
{[%clk 0:52:25]} g6 {[%clk 0:34:55]} 31. Bd4+ {[%clk 0:52:25]} Nxd4 {[%clk
0:34:55]} 32. Nxd4 {[%clk 0:11:00]} c5 {[%clk 0:00:51]} 33. Nf3 {[%clk 0:10:18]}
Bg3 {[%clk 0:00:56]} 34. Rb1 {[%clk 0:09:40]} Rb8 {[%clk 0:00:42]} 35. Kg1 {[%clk
0:07:37]} Kg7 {[%clk 0:00:44]} 36. Ng5 {[%clk 0:07:32]} c4 {[%clk 0:00:38]} 37.
b4 {[%clk 0:07:33]} axb4 {[%clk 0:00:58]} 38. Rxb4 {[%clk 0:07:02]} Re8 {[%clk
0:00:35]} 39. Nf3 {[%clk 0:07:05]} Rc8 {[%clk 0:00:43]} 40. a5 {[%clk 0:34:03]}
Bd6 {[%clk 0:30:49]} 41. Rb7+ {[%clk 0:33:43]} 1/2-1/2